| 000 | 00772cam a2200265 4500 | ||
|---|---|---|---|
| 001 | 841306 | ||
| 003 | PILC | ||
| 005 | 20150318132521.0 | ||
| 008 | 700807s1970 enka b 001 0 eng | ||
| 010 | _a 77484065 | ||
| 015 | _aB*** | ||
| 020 | _a0220798915 | ||
| 040 |
_aDLC _cDLC _dDLC |
||
| 050 | 0 | 0 |
_aHF 5657 _b.R63 1970 |
| 082 | 0 | 0 | _a658.1/5 |
| 100 | 1 |
_aRockley, L. E. _q(Lawrence Edwin) |
|
| 245 | 1 | 0 |
_aFinance for the non-accountant / _cL. E. Rockley. |
| 260 |
_aLondon : _bBusiness Books, _c[1970]. |
||
| 300 |
_axi, 255 pages : _billustrations ; _c23 cm. |
||
| 504 | _aIncludes bibliographical references. | ||
| 650 | 0 | _aAccounting. | |
| 650 | 0 |
_aBusiness enterprises _xFinance. |
|
| 906 |
_a7 _bcbc _corignew _d2 _encip _f19 _gy-gencatlg |
||
| 942 |
_2lcc _cBK |
||
| 999 |
_c283779 _d283779 |
||